000 00301nam a2200109Ia 4500
001 1268641
005 20260417145254.0
008 260417s9999 xx 000 0 und d
020 _a9786256126732
245 0 _aMinik Kâşifler için Hayat Bilgisi - Sayılar
_cMukaddes Kutlu
260 _bKetebe Çocuk
999 _c1268641
_d1268641